| 000 | 01208nam a2200265 a 4500 | ||
|---|---|---|---|
| 001 | 000048793 | ||
| 003 | DO-SdBNP | ||
| 005 | 20211014144502.0 | ||
| 007 | ta | ||
| 008 | 190412s2016 dr 000 j spa d | ||
| 020 | _a9789945452914 | ||
| 040 |
_aDO-SdBNP _bspa _cBNPHU |
||
| 082 | 4 |
_aBNPHU _bO34c _222 |
|
| 100 | 1 |
_aOgando Montás, Carlos B., _d2000- _976248 |
|
| 245 | 1 | 0 |
_aCuentos de mi adolescencia / _cCarlos Bienvenido Ogando Montás ; corrección Reynaldo Guerrero Nova ; prólogo Carlos A. Ogando Alcántara. |
| 260 |
_aSanto Domingo : _bEl Nuevo Diario, _c2016. |
||
| 300 |
_a78 p. : _bil. ; _c23 cm. |
||
| 500 | _aIncluye datos biográficos del autor en la solapa de la contracubierta | ||
| 505 | 0 |
_aPrólogo -- _tDedicatoria -- _tZack y el reloj -- _tEl tesoro de Estrelucar -- _tEl baúl de las flechas -- _tLa luz que no volvía a encender -- _tJosefina del supermercado -- _tRecuerdo de un arrecife -- _tCarta de uno más -- _tCarta de un desahuciado -- _tCarta de la tribu de Milo -- _tCuando el cielo llora -- |
|
| 590 | _aInventariado, 2019/LP | ||
| 700 | 1 |
_aOgando Alcántara, Carlos A., _epról. _974768 |
|
| 700 | 1 |
_aGuerrero Nova, Reynaldo, _ecorr. _9792 |
|
| 910 | _aLP | ||
| 942 |
_2ddc _cLBS1 |
||
| 999 |
_c48281 _d48281 |
||